Simply Psychology : (Record no. 592857)

MARC details
000 -LEADER
fixed length control field 00471nam a2200193 a 4500
008 - FIXED-LENGTH DATA ELEMENTS--GENERAL INFORMATION
fixed length control field 251023s2002##################000#0#eng##
020 ## - INTERNATIONAL STANDARD BOOK NUMBER
ISBN 9781841693095
082 04 - DEWEY DECIMAL CLASSIFICATION NUMBER
Classification number 658.575
Item number GIR
100 1# - MAIN ENTRY--AUTHOR NAME
Personal name Eysenck, Michael W.,
245 10 - TITLE STATEMENT
Title Simply Psychology :
260 ## - PUBLICATION, DISTRIBUTION, ETC. (IMPRINT)
Name of publisher Taylor & Francis,
Year of publication 2002.
300 ## - PHYSICAL DESCRIPTION
Number of Pages 411 pages
650 #0 - SUBJECT ADDED ENTRY--TOPICAL TERM
Topical Term Psychology.
942 ## - ADDED ENTRY ELEMENTS (KOHA)
Koha item type English Books

No items available.

Find us on the map